| 000 | 01030nam a22002417a 4500 | ||
|---|---|---|---|
| 003 | OSt | ||
| 005 | 20241021100009.0 | ||
| 008 | 241021b |||||||| |||| 00| 0 eng d | ||
| 020 | _a9788125922957 | ||
| 040 | _cCentral University Library | ||
| 050 |
_aK70. _bC65 |
||
| 100 | _aKuchhal, M. C. | ||
| 245 |
_aBusiness Legislation for Management _bAs per UGC Model Curriculum _cKuchhal, M. C. |
||
| 250 |
_aFirst Edition _bReprint 2009 |
||
| 260 |
_aNew Delhi _aIndia _bVikas Publishing House PVT Ltd _cc2007 |
||
| 300 |
_aix, 659 pages _bTable _c21cm |
||
| 500 | _aBusiness Legislation for Management - As Per UGC Model Curriculum. Law of Contract. Law of Sale of Goods. Law of Negotiable Instruments. Law of Arbitration and Conciliation. Law of Consumer Protection. Law of Information Technology (Cyber Law). Company Law. | ||
| 650 |
_2Corporate _aIndia |
||
| 650 |
_2Business _aIndia |
||
| 650 |
_2Legislation _aAsia |
||
| 700 |
_aPrakash, Deepa _cBusiness Legislation for Management _eCo-author |
||
| 942 |
_2lcc _cBK _eFirst Edition _n0 |
||
| 999 |
_c92 _d92 |
||